| 000 | 00462cam a22001337a 4500 | ||
|---|---|---|---|
| 008 | 180718b1951 xxu||||| |||| 00| 0 eng d | ||
| 082 | _aR23x5422 M264n | ||
| 100 | _aMadhya Pradesh. Minimum Wages Advisory Committee for Rice, Dal and Flour Mills | ||
| 245 | _aReport of Minimum Wages Advisory Committee for Rice, Dal and Flour Mills | ||
| 260 |
_aIndore _bThe author _c1951 |
||
| 300 | _a38p. | ||
| 500 | _aChairman: L.R. Joshi | ||
| 700 | _aJoshi, L.R. (Chairman) | ||
| 999 |
_c489562 _d489562 |
||